Normal view
MARC view
- Ball, Robert S
Entry Personal Name
001 - CONTROL NUMBER
- control field: 39584
003 - CONTROL NUMBER IDENTIFIER
- control field: NUST
005 - DATE AND TIME OF LATEST TRANSACTION
- control field: 20210314131502.0
008 - FIXED-LENGTH DATA ELEMENTS
- fixed length control field: 210314|| aca||aabn | a|a d
040 ## - CATALOGING SOURCE
- Original cataloging agency: NUST
- Transcribing agency: NUST
100 ## - HEADING--PERSONAL NAME
- Personal name: Ball, Robert S
670 ## - SOURCE DATA FOUND
- Source citation: Work cat.: (NUST): Ball, Robert S., The story of the heavens,, 1900.
